000 00533nam a2200193 a 4500
001 1765189917835
003 ACL
005 20251208160455.0
008 251208s1999##################000#0#eng##
020 _a9780306461095
082 0 4 _a630.960901
_bVEE
100 1 _aVeen, Marijke van der,
_eauthor.
245 1 0 _aThe Exploitation of Plant Resources in Ancient Africa :
260 _bSpringer Science & Business Media,
_c1999.
300 _a306 pages
650 0 _aSocial Science.
942 _cENGLISH
040 _aACL
_beng
_cACL
999 _c601653
_d601653